000 00560nam a22001937a 4500
005 20251108172958.0
008 250721s9999 xx 000 0 ara d
082 1 4 _a338/خزر
100 1 _aالخزرجي، قحطان خلف
245 1 0 _aمبادىء عمليات الأنتاج /
264 1 _aبغداد :
_bوزارة التعليم العالي،
_c-19.
300 _a204 ص
650 1 7 _aالأنتاج
650 1 7 _aالمعادن
650 1 7 _aالتصنيع
700 1 _aحسن، عادل محمود
942 _2ddc
_cBK
999 _c93225
_d93225